Návrh riešenia ergonomickej racionalizácie na pracovisku "Forging and Threading Production" v podniku Peikko Slovakia s.r.o., Kráľová nad Váhom

Guardado en:
Detalles Bibliográficos
Autor principal: Danišovičová, Kristína (Autor)
Otros Autores: Marková, Petra (Orientador)
Formato: Manuscrito Libro
Lenguaje:eslovaco
Publicado: 2024
Materias:
Acceso en línea:http://is.stuba.sk/zp/portal_zp.pl?podrobnosti=177800
Etiquetas: Agregar Etiqueta
Sin Etiquetas, Sea el primero en etiquetar este registro!

MARC

LEADER 00000ntm a22000003a 4500
001 stuzp97951
003 SK-STU
005 20240608211420.2
007 ta
008 150427s2015----xo-----f-mn---000-0-slo-d
040 |a STU  |b slo 
041 0 |a slo 
100 1 |a Danišovičová, Kristína  |u 064000  |k Z4  |4 aut  |U MTF Materiálovotechnologická fakulta  |T MTF Ústav priemyselného inžinierstva a manažmentu  |X 103239  |U M4000  |Y 84  |7 103239 
242 0 1 |a Proposal for an ergonomic rationalization solution at the workplace "Forging and Threading Production" in Peikko Slovakia s.r.o., Kráľová nad Váhom  |y eng 
245 1 0 |a Návrh riešenia ergonomickej racionalizácie na pracovisku "Forging and Threading Production" v podniku Peikko Slovakia s.r.o., Kráľová nad Váhom 
260 |c 2024 
650 4 |a ergonómia  |2 slo 
650 4 |a ergonomická racionalizácia  |2 slo 
650 4 |a ergonomická analýza  |2 slo 
650 4 |a ergonomics  |2 eng 
650 4 |a ergonomic rationalization  |2 eng 
650 4 |a ergonomic analysis  |2 eng 
700 1 |a Marková, Petra  |u 064000  |k Z1  |4 ths  |U MTF Materiálovotechnologická fakulta  |T MTF Ústav priemyselného inžinierstva a manažmentu  |X 27920  |U M4000  |Y 84  |7 A000027920 
856 4 |u http://is.stuba.sk/zp/portal_zp.pl?podrobnosti=177800 
996 |c M* DP-15286  |l MMSKP  |s P  |a 0  |w stuzp97951_0001